[Event "Prague Autumn op 1st"]
[Site "Prague"]
[Date "2021.09.24"]
[Round "1"]
[White "Delgerdalai, Bayarjavkhlan"]
[Black "Trefilik, Jiri"]
[Result "1-0"]
[WhiteElo "2070"]
[BlackElo "1601"]
[PlyCount "39"]
[EventDate "2021.09.24"]
[EventType "swiss"]
[EventRounds "5"]
[EventCountry "CZE"]
[SourceTitle "CBM 204 Extra"]
[Source "ChessBase"]
[SourceDate "2021.11.30"]
[SourceVersion "1"]
[SourceVersionDate "2021.11.30"]
[SourceQuality "1"]

1. e4 e5 2. Nf3 Nc6 3. Bb5 Nge7 4. 0-0 g6 5. c3 Bg7 6. d4 0-0 7. d5 Nb8 8. d6 Nec6 9. Be3 cxd6 10. Qxd6 Qf6 11. Qd3 a6 12. Bc4 h6 13. Nbd2 d6 14. Rfd1 Be6 15. Bxe6 Qxe6 16. Nc4 Rd8 17. Nb6 Nd7 18. Nxa8 Rxa8 19. Qxd6 Rd8 20. Qc7 1-0

[Event "Prague Golden op"]
[Site "Prague"]
[Date "2021.07.13"]
[Round "4"]
[White "Martinek, Denis"]
[Black "Trefilik, Jiri"]
[Result "0-1"]
[WhiteElo "1056"]
[BlackElo "1596"]
[PlyCount "86"]
[EventDate "2021.07.10"]
[EventType "swiss"]
[EventRounds "9"]
[EventCountry "CZE"]
[SourceTitle "CBM 203 Extra"]
[Source "ChessBase"]
[SourceDate "2021.09.30"]
[SourceVersion "1"]
[SourceVersionDate "2021.09.30"]
[SourceQuality "1"]

1. e4 e5 2. Nf3 Nc6 3. Bc4 Nf6 4. d3 Bc5 5. 0-0 d6 6. h3 Be6 7. Bb3 Qd7 8. Nc3 Bxb3 9. axb3 h6 10. Be3 Bxe3 11. fxe3 0-0 12. d4 a6 13. Qd2 Rad8 14. Rad1 Rfe8 15. Rfe1 Qe7 16. Nd5 Nxd5 17. exd5 e4 18. dxc6 exf3 19. Kh1 Qe4 20. cxb7 Re6 21. Qf2 Rf6 22. Rd3 Qxb7 23. e4 fxg2+ 24. Qxg2 Qb5 25. Rf1 Rg6 26. Qf2 Qd7 27. Rg3 Qe6 28. Rxg6 Qxg6 29. Qg2 Qe6 30. d5 Qe5 31. c3 Re8 32. Re1 f5 33. Rg1 Qxe4 34. Qxe4 Rxe4 35. Rg2 Kf7 36. Rf2 Kf6 37. Kg2 g5 38. Kf3 Rf4+ 39. Kg3 Rxf2 40. Kxf2 Ke5 41. c4 Kd4 42. Ke2 g4 43. h4 f4 0-1

[Event "Prague Golden op"]
[Site "Prague"]
[Date "2021.07.11"]
[Round "2"]
[White "Hajiyev, Kanan"]
[Black "Trefilik, Jiri"]
[Result "1-0"]
[WhiteElo "2118"]
[BlackElo "1596"]
[PlyCount "45"]
[EventDate "2021.07.10"]
[EventType "swiss"]
[EventRounds "9"]
[EventCountry "CZE"]
[SourceTitle "CBM 203 Extra"]
[Source "ChessBase"]
[SourceDate "2021.09.30"]
[SourceVersion "1"]
[SourceVersionDate "2021.09.30"]
[SourceQuality "1"]

1. d4 d5 2. c4 e5 3. dxe5 d4 4. Nf3 Nc6 5. a3 a5 6. e3 Bc5 7. exd4 Bxd4 8. Be2 Nge7 9. 0-0 0-0 10. Bg5 f6 11. exf6 Bxf6 12. Bxf6 Qxd1 13. Rxd1 Rxf6 14. Nc3 Bf5 15. Nd5 Nxd5 16. cxd5 Ne7 17. Rac1 c6 18. dxc6 Nxc6 19. Nd4 Ne5 20. Rc5 Re8 21. f4 Nf7 22. Nxf5 Rxe2 23. Rc8+ 1-0

[Event "Prague-F"]
[Site "Prague"]
[Date "2019.03.13"]
[Round "6.4"]
[White "Ruzicka, Vaclav1111"]
[Black "Trefilik, Jiri"]
[Result "1/2-1/2"]
[WhiteElo "1683"]
[BlackElo "1486"]
[PlyCount "133"]
[EventDate "2019.03.09"]
[EventType "tourn"]
[EventRounds "9"]
[EventCountry "CZE"]
[SourceTitle "CBM 189 Extra"]
[Source "ChessBase"]
[SourceDate "2019.06.03"]
[SourceVersion "1"]
[SourceVersionDate "2019.06.03"]
[SourceQuality "1"]

1. d4 d5 2. Bf4 c5 3. c3 Nc6 4. e3 Nf6 5. Nf3 Bf5 6. Bd3 Bxd3 7. Qxd3 e6 8. Nbd2 Be7 9. Qb5 0-0 10. Qxb7 Na5 11. Qc7 cxd4 12. Qxd8 Bxd8 13. exd4 Re8 14. h3 Rc8 15. 0-0 Bc7 16. Be5 Nd7 17. Bxc7 Rxc7 18. b4 Nc4 19. Rfc1 Rec8 20. Nb3 Nf6 21. Nc5 Ne4 22. a4 Kf8 23. Ra2 Ke7 24. a5 Kd6 25. Kf1 h6 26. Ke2 Rc6 27. Nb7+ Kd7 28. Nc5+ Kd6 29. Kd3 f5 30. Rb1 a6 31. g3 h5 32. Re1 g5 33. Nb7+ Kd7 34. Nc5+ Kd6 35. Nb7+ Ke7 36. Nc5 Kd6 37. Rb1 Rb8 38. Re1 Rb5 39. Nh2 g4 40. h4 Rb8 41. Nf1 Re8 42. Ne3 Nxe3 43. Rxe3 Kc7 44. Ree2 Nf6 45. Rab2 Ne4 46. Rb3 Kd6 47. Reb2 Rb8 48. Nxe4+ fxe4+ 49. Kd2 Rf8 50. Ke1 Rb8 51. Ra3 Rb5 52. Rab3 Rc8 53. Rc2 Rcb8 54. Rbb2 R5b7 55. Rb1 Rb5 56. Rbc1 R5b7 57. c4 Rxb4 58. cxd5 Kxd5 59. Rc6 Rb1 60. R6c2 Rxc1+ 61. Rxc1 Rb5 62. Ra1 Kxd4 63. Kd2 Rb2+ 64. Ke1 Rb5 65. Kd2 Rb2+ 66. Ke1 Rb5 67. Kd2 1/2-1/2